Top 20 Most Eco-Friendly Countries with Exceptions - Statistics

General Stats
  • This quiz has been taken 41 times
  • The average score is 12 of 20
Answer Stats
CO2 per capita Country % Correct
0.50 t Nepal
78%
0.32 t Haiti
73%
0.28 t Kiribati
70%
0.96 t Laos
70%
0.28 t East Timor
68%
0.22 t Solomon Islands
68%
0.95 t Belize
65%
1.00 t Cambodia
65%
0.47 t Papua New Guinea
65%
0.70 t Samoa
65%
1.08 t Honduras
54%
0.30 t Vanuatu
54%
0.96 t Tajikistan
51%
0.89 t Myanmar
49%
0.92 t Nicaragua
49%
0.30 t Afghanistan
46%
0.37 t Yemen
46%
0.66 t Bangladesh
43%
1.09 t Pakistan
41%
1.11 t El Salvador
38%
No matching quizzes found
Score Distribution
Percent of People with Each Score
Percentile by Number Answered
Your Score History
You have not taken this quiz